000
00325pab a2200133 454500
008
180718b1985 xxu||||| |||| 00| 0 eng d
245
_a
Memorandum on cnetre - state relations
260
_c
1985
300
_a
19-23
362
_a
Independence Number
650
_a
Federal - State Relations
773
_a
Janata
909
_a
8348
999
_c
8348
_d
8348